000
00321nam a2200121 4500
999
_c
10850
_d
10850
003
OSt
005
20221017155631.0
008
221017b ||||| |||| 00| 0 eng d
100
_a
Charles H Hayward
245
_a
English rooms and their decoration at a glance
260
_a
London
_b
Architectural Press, 1925
942
_2
ddc